000 01250cad a22002055a 4500
001 L157474
008 121218s2012 xxk f 000 0 eng d
035 _a(Sirsi) u157474
041 0 _aeng
110 2 _aUnited Kingdom
_bDepartment for Environment Food and Rural Affairs
245 0 4 _aThe Habitats and Wild Birds Directive in England and its seas
_bCore guidance for developers, regulators, & land/marine managers
_bDecember 2012 (draft for public consultation)
_h[electronic resource]
260 _aLondon
_bDEFRA
_c2012
520 _aConsultation seeks views on two of the main guidance simplification measures from the recent Habitats and Wild Birds Directive Implementation Review. These are; A stocktake of the large body of existing guidance, with a view to propose how it should be rationalised by March 2013 and draft new guidance providing an overview of the sites and species requirements of the Directives. Comments should be sent to Defra by 5 February 2013.
590 _aKA
651 4 _aEngland
_y886-
690 _aEnvironment
_96238
690 _aRural
_96268
856 4 0 _uhttps://www.defra.gov.uk/consult/files/habitats-simplify-guide-draft-20121211.pdf
_zView the consultation free of charge at www.defra.gov.uk
942 _n0
999 _c114783
_d114783